000 01443nam a2200361Ia 4500
001 ebr10715437
003 CaPaEBR
006 m o u
007 cr cn|||||||||
008 121021s2013 miua sb 001 0 eng d
020 _z0814339077
020 _z9780814339077
020 _z9780814339084
040 _aCaPaEBR
_cCaPaEBR
035 _a(OCoLC)847609677
050 1 4 _aHT177.D4
_bT56 2013eb
100 1 _aThomas, June Manning.
245 1 0 _aRedevelopment and race
_h[electronic resource] :
_bplanning a finer city in postwar Detroit /
_cJune Manning Thomas.
250 _aPaperback ed.
260 _aDetroit :
_bWayne State University Press,
_cc2013.
300 _axvii, 288 p. :
_bill.
490 1 _aGreat Lakes books
504 _aIncludes bibliographical references and index.
533 _aElectronic reproduction.
_bPalo Alto, Calif. :
_cebrary,
_d2013.
_nAvailable via World Wide Web.
_nAccess may be limited to ebrary affiliated libraries.
650 0 _aUrban renewal
_zMichigan
_zDetroit
_xHistory.
650 0 _aCity planning
_zMichigan
_zDetroit
_xHistory.
650 0 _aAfrican Americans
_zMichigan
_zDetroit
_xHistory.
651 0 _aDetroit (Mich.)
_xRace relations
_xHistory.
655 7 _aElectronic books.
_2local
710 2 _aebrary, Inc.
830 0 _aGreat Lakes books.
856 4 0 _uhttp://site.ebrary.com/lib/rucke/Doc?id=10715437
_zAn electronic book accessible through the World Wide Web; click to view
999 _c40896
_d40896